[Event "German Bundesliga 2021-22"]
[Site "Germany"]
[Date "2022.05.15"]
[Round "8.4"]
[White "Martinovic, Sasa"]
[Black "Vandenbussche, Thibaut"]
[Result "1/2-1/2"]
[WhiteElo "2554"]
[BlackElo "2401"]
[Annotator "TA"]
[PlyCount "147"]
[EventDate "2022.03.05"]
[EventType "team-tourn"]
[EventCountry "GER"]
[SourceTitle "playchess.com"]
[Source "ChessBase"]
[SourceQuality "1"]

1. d4 d5 2. c4 e6 3. Nf3 c5 4. cxd5 exd5 5. g3 Nc6 6. Bg2 Nf6 7. O-O c4 8. b3 cxb3 9. Qxb3 Be7 10. Bg5 O-O 11. Rc1 Qa5 12. Nc3 Be6 13. e3 Ba3 14. Bxf6 gxf6 15. Rc2 Rac8 16. Na4 Bf5 17. Rc3 Bb4 18. Rcc1 b6 19. a3 Bd6 20. Nc3 Ne7 21. Ne1 Rc7 22. Nb5 Rxc1 23. Rxc1 Bb8 24. Bf1 a6 25. Nc3 Bd6 26. Nc2 Bxc2 27. Rxc2 Qxa3 28. Qxb6 Rb8 29. Qxa6 Rc8 30. Qxa3 Bxa3 31. Bd3 Kg7 32. Nb5 Rxc2 33. Bxc2 Bb4 34. Nc7 Kf8 35. Bb3 Ba5 36. Nxd5 Nxd5 37. Bxd5 f5 38. h3 Kg7 39. Bc4 h5 40. Kg2 Kf6 41. Be2 Kg5 42. d5 Bb4 43. Kf1 Bc5 44. Bd3 Kf6 45. Ke2 Ke5 46. Bc4 Be7 47. Bb3 Kf6 48. Kd3 Bb4 49. f4 Be1 50. Bd1 Bxg3 51. Bxh5 Ke7 52. Kd4 Kf6 53. Be2 Bf2 54. Ba6 Be1 55. Bc8 Bh4 56. d6 Bf2 57. Kd3 Bg3 58. Kc4 Bf2 59. Kd4 Bg3 60. d7 Ke7 61. Ke5 Bf2 62. Kxf5 Bxe3 63. h4 Bd4 64. h5 Bg7 65. Kg5 Kd8 66. h6 Bh8 67. h7 Bg7 68. f5 Ke7 69. Kf4 Kd8 70. Ke4 Bf6 71. Kd5 Kc7 72. Ke4 Kd8 73. Kf4 Ke7 74. Ke4 1/2-1/2

[Event "German Bundesliga 2021-22"]
[Site "Germany"]
[Date "2022.05.15"]
[Round "8.7"]
[White "Klein, Felix"]
[Black "Yankelevich, Lev"]
[Result "0-1"]
[WhiteElo "2288"]
[BlackElo "2444"]
[Annotator "TA"]
[PlyCount "109"]
[EventDate "2022.03.05"]
[EventType "team-tourn"]
[EventCountry "GER"]
[SourceTitle "playchess.com"]
[Source "ChessBase"]
[SourceQuality "1"]

1. e4 e5 2. Nf3 Nc6 3. Bb5 a6 4. Ba4 Nf6 5. O-O Be7 6. Re1 b5 7. Bb3 O-O 8. c3 Na5 9. Nxe5 Nxb3 10. axb3 Bb7 11. d3 d5 12. exd5 Qxd5 13. Qf3 Bd6 14. Qxd5 Nxd5 15. Bd2 Rfe8 16. Nf3 Rxe1+ 17. Nxe1 c5 18. Na3 f6 19. Nac2 Re8 20. Ne3 Nf4 21. f3 Bf8 22. Nf1 Bd6 23. Bxf4 Bxf4 24. g3 Bc7 25. Kf2 Bb6 26. Nd2 Kf7 27. Nc2 h6 28. Kf1 f5 29. b4 cxb4 30. Nxb4 Be3 31. Rd1 Kf6 32. d4 a5 33. Nd3 Bxd2 34. Rxd2 Bxf3 35. Ne5 Bd5 36. Nd7+ Ke7 37. Ne5 Ra8 38. Kf2 a4 39. Re2 Kd6 40. h4 g5 41. Nf3 a3 42. bxa3 Rxa3 43. hxg5 hxg5 44. Re3 f4 45. gxf4 gxf4 46. Re8 Bc6 47. Re2 Rxc3 48. Ne5 b4 49. Ng6 b3 50. Ke1 Rc1+ 51. Kf2 f3 52. Rd2 Rc2 53. Rxc2 bxc2 54. Ne5 c1=Q 55. Nf7+ 0-1

[Event "German Bundesliga 2021-22"]
[Site "Germany"]
[Date "2022.05.15"]
[Round "8.9"]
[White "Ragger, Markus"]
[Black "Baldauf, Marco"]
[Result "1-0"]
[WhiteElo "2656"]
[BlackElo "2522"]
[Annotator "TA"]
[PlyCount "88"]
[EventDate "2022.03.05"]
[EventType "team-tourn"]
[EventCountry "GER"]
[SourceTitle "playchess.com"]
[Source "ChessBase"]
[SourceQuality "1"]

1. e4 c6 2. d4 d5 3. e5 Bf5 4. h4 h5 5. Bd3 Bxd3 6. Qxd3 Qa5+ 7. Nd2 e6 8. Ngf3 Nh6 9. O-O Nf5 10. Nb3 Qb5 11. Qd1 c5 12. a4 Qb6 13. dxc5 Bxc5 14. Nxc5 Qxc5 15. Re1 Nc6 16. c3 Qc4 17. Bg5 Rc8 18. Nd2 Qa6 19. Rc1 Na5 20. b3 Qd3 21. c4 dxc4 22. Nxc4 Qxd1 23. Rexd1 Nc6 24. b4 O-O 25. Nd6 Nxd6 26. exd6 f6 27. Bf4 e5 28. Be3 Rcd8 29. b5 Nd4 30. Bxd4 exd4 31. Rxd4 Rf7 32. a5 Rfd7 33. Rc7 b6 34. axb6 axb6 35. Rc6 Kf7 36. Rxb6 Ke6 37. Kf1 Rxd6 38. Rdxd6+ Rxd6 39. Ra6 Ke7 40. Rxd6 Kxd6 41. Ke2 Kc5 42. Kd3 Kxb5 43. Ke4 Kc4 44. Kf5 Kd5 1-0

[Event "German Bundesliga 2021-22"]
[Site "Germany"]
[Date "2022.05.15"]
[Round "8.13"]
[White "Gustafsson, Jan"]
[Black "Zeller, Frank"]
[Result "1-0"]
[WhiteElo "2643"]
[BlackElo "2361"]
[Annotator "TA"]
[PlyCount "47"]
[EventDate "2022.03.05"]
[EventType "team-tourn"]
[EventCountry "GER"]
[SourceTitle "playchess.com"]
[Source "ChessBase"]
[SourceQuality "1"]

1. d4 Nf6 2. c4 c5 3. d5 e6 4. Nc3 exd5 5. cxd5 d6 6. e4 g6 7. Nge2 a6 8. a4 Nbd7 9. Ng3 h5 10. Be2 Bg7 11. Bg5 Qa5 12. O-O h4 13. Nh1 Qb4 14. Qc2 Ne5 15. f3 c4 16. Nf2 Qc5 17. Ncd1 Bd7 18. Be3 Qb4 19. Nc3 O-O 20. a5 Rfe8 21. Rfb1 Nh5 22. Ra3 Rac8 23. Na2 Qb5 24. Nd1 1-0

[Event "German Bundesliga 2021-22"]
[Site "Germany"]
[Date "2022.05.15"]
[Round "8.14"]
[White "Rupprecht, Andreas"]
[Black "Bacrot, Etienne"]
[Result "0-1"]
[WhiteElo "2389"]
[BlackElo "2642"]
[Annotator "TA"]
[PlyCount "109"]
[EventDate "2022.03.05"]
[EventType "team-tourn"]
[EventCountry "GER"]
[SourceTitle "playchess.com"]
[Source "ChessBase"]
[SourceQuality "1"]

1. e4 c6 2. d4 d5 3. exd5 cxd5 4. Bd3 Nc6 5. c3 Qc7 6. Na3 a6 7. Nc2 Nf6 8. h3 e6 9. Qe2 b6 10. Nf3 Bd6 11. O-O Bb7 12. Re1 O-O 13. Ne5 Ne4 14. f3 Nc5 15. dxc5 Bxe5 16. cxb6 Qxb6+ 17. Be3 Qc7 18. Kh1 Bd6 19. Nd4 Na5 20. Qc2 g6 21. Bh6 Rfe8 22. Qc1 Nc6 23. Bf1 Be5 24. Qe3 Bh8 25. Bf4 e5 26. Nxc6 Qxc6 27. Bh2 Bf6 28. Bg3 Re6 29. Rad1 Rae8 30. Qd2 Qa4 31. a3 h5 32. Qc1 Bg7 33. Qg5 Kh7 34. Qe3 Qb3 35. Bd3 f5 36. Qe2 Qb6 37. Qc2 Bc6 38. Bf2 Qb7 39. Bf1 Bh6 40. Bg3 e4 41. fxe4 dxe4 42. Bc4 Rf6 43. Bh4 g5 44. Bf2 f4 45. Bd4 Rf5 46. Kg1 g4 47. hxg4 hxg4 48. Re2 Kg6 49. Rde1 Bg5 50. Kf1 Re7 51. Qb3 Qxb3 52. Bxb3 e3 53. Bc2 Be4 54. Bxe4 Rxe4 55. g3 0-1

[Event "German Bundesliga 2021-22"]
[Site "Germany"]
[Date "2022.05.28"]
[Round "9.4"]
[White "Berelowitsch, Alexander"]
[Black "Gumularz, Szymon"]
[Result "1/2-1/2"]
[WhiteElo "2504"]
[BlackElo "2539"]
[Annotator "TA"]
[PlyCount "130"]
[EventDate "2022.03.05"]
[EventType "team-tourn"]
[EventCountry "GER"]
[SourceTitle "playchess.com"]
[Source "ChessBase"]
[SourceQuality "1"]

1. e4 e5 2. Nf3 Nc6 3. Bb5 a6 4. Ba4 Nf6 5. d3 d6 6. O-O b5 7. Bb3 Na5 8. Re1 Be7 9. Nbd2 O-O 10. Nf1 Re8 11. Ng3 Bf8 12. c3 Nxb3 13. Qxb3 h6 14. Bd2 c5 15. d4 Qc7 16. d5 c4 17. Qc2 a5 18. a4 bxa4 19. Rxa4 Nd7 20. Be3 Ba6 21. Nf5 Bb5 22. Raa1 Nc5 23. Kh1 Kh7 24. h4 Bd7 25. Bxc5 Qxc5 26. g4 g6 27. Ne3 Be7 28. Rg1 a4 29. Qe2 Reb8 30. h5 a3 31. Rxa3 Rxa3 32. bxa3 Qxa3 33. Qxc4 Rc8 34. Qb4 Qxc3 35. Qxc3 Rxc3 36. Rb1 Rc7 37. Rb6 Bc8 38. Rc6 Rxc6 39. dxc6 Kg7 40. Kg2 Bd8 41. Nd2 Kf8 42. Ndc4 Ba6 43. Nxd6 Bc7 44. Ndc4 gxh5 45. gxh5 Bb5 46. Nd5 Bxc4 47. Nxc7 Ke7 48. Nd5+ Kd6 49. c7 Ba6 50. Nf6 Kxc7 51. Ng4 Bd3 52. f3 f5 53. exf5 Bxf5 54. Nxh6 Be6 55. Kg3 Kd6 56. Ng4 Bf5 57. Kh4 Ke6 58. Kg5 Bc2 59. h6 Bd3 60. Nf2 Bc2 61. Ne4 Kf7 62. Kf5 Bd1 63. Ng5+ Kg8 64. Kf6 Kh8 65. h7 Bxf3 1/2-1/2

[Event "German Bundesliga 2021-22"]
[Site "Germany"]
[Date "2022.05.28"]
[Round "9.8"]
[White "Wachinger, Nikolas"]
[Black "Krastev, Alexander"]
[Result "1/2-1/2"]
[WhiteElo "2401"]
[BlackElo "2412"]
[Annotator "TA"]
[PlyCount "83"]
[EventDate "2022.03.05"]
[EventType "team-tourn"]
[EventCountry "GER"]
[SourceTitle "playchess.com"]
[Source "ChessBase"]
[SourceQuality "1"]

1. e4 c5 2. Nf3 Nc6 3. Bb5 g6 4. O-O Bg7 5. c3 Nf6 6. Re1 O-O 7. d4 d5 8. e5 Ne4 9. Bxc6 bxc6 10. Be3 cxd4 11. cxd4 f6 12. Nbd2 Bg4 13. exf6 Nxd2 14. Qxd2 exf6 15. Bh6 Bxf3 16. Bxg7 Kxg7 17. gxf3 Qd7 18. Kg2 Rfe8 19. Rac1 Rxe1 20. Rxe1 Re8 21. Rxe8 Qxe8 22. Qb4 Qd7 23. Qb8 Kf7 24. a4 Ke6 25. a5 Ke7 26. a6 Ke6 27. h4 Ke7 28. Qg8 Kd6 29. Qf8+ Qe7 30. Qb8+ Qc7 31. Qb4+ c5 32. dxc5+ Qxc5 33. Qf4+ Ke6 34. b4 Qb6 35. b5 d4 36. Qe4+ Kd6 37. Qe8 Kc5 38. Qd7 Kb4 39. Qxh7 d3 40. Qd7 Qxb5 41. Qxa7 Ka5 42. Qe7 1/2-1/2

[Event "German Bundesliga 2021-22"]
[Site "Germany"]
[Date "2022.05.28"]
[Round "9.8"]
[White "Arndt, Magnus"]
[Black "Hoffmann, Paul"]
[Result "1-0"]
[WhiteElo "2343"]
[BlackElo "2378"]
[Annotator "TA"]
[PlyCount "103"]
[EventDate "2022.03.05"]
[EventType "team-tourn"]
[EventCountry "GER"]
[SourceTitle "playchess.com"]
[Source "ChessBase"]
[SourceQuality "1"]

1. d4 Nf6 2. c4 e6 3. g3 Bb4+ 4. Nd2 O-O 5. Bg2 d5 6. Ngf3 Be7 7. O-O a5 8. Qc2 c5 9. cxd5 exd5 10. dxc5 Na6 11. c6 bxc6 12. Qxc6 Bd7 13. Qc2 Rc8 14. Qd1 Nc5 15. Nd4 Qb6 16. N2b3 Na4 17. Nf3 Qa6 18. Ne5 Be8 19. Nd3 Ne4 20. Qe1 Bd8 21. Be3 Bb5 22. Rd1 Bf6 23. Bd4 Rfe8 24. Bxf6 Nxf6 25. Qd2 Nb6 26. Nd4 Nc4 27. Qf4 Bd7 28. Rc1 Qb6 29. b3 Nd6 30. Rxc8 Bxc8 31. Rc1 Nde4 32. e3 Ba6 33. Ne5 Qb4 34. Nef3 Qa3 35. Re1 Qxa2 36. Ng5 Qd2 37. Ra1 Rc8 38. h3 Bd3 39. Nf5 Qb4 40. Nxe4 Bxe4 41. Bxe4 dxe4 42. Qg5 Qf8 43. Rxa5 Rb8 44. Ra7 Kh8 45. Nh6 gxh6 46. Qxf6+ Qg7 47. Rxf7 Qxf6 48. Rxf6 Rxb3 49. Rxh6 Kg7 50. Re6 Rb4 51. g4 Kf7 52. Re5 1-0

[Event "German Bundesliga 2021-22"]
[Site "Germany"]
[Date "2022.05.28"]
[Round "9.9"]
[White "Jones, Gawain C B"]
[Black "Keymer, Vincent"]
[Result "1/2-1/2"]
[WhiteElo "2671"]
[BlackElo "2664"]
[Annotator "TA"]
[PlyCount "53"]
[EventDate "2022.03.05"]
[EventType "team-tourn"]
[EventCountry "GER"]
[SourceTitle "playchess.com"]
[Source "ChessBase"]
[SourceQuality "1"]

1. e4 c5 2. Nf3 d6 3. Bb5+ Nd7 4. Ba4 Ngf6 5. O-O e6 6. d3 Be7 7. c4 O-O 8. Nc3 a6 9. Qe2 Qc7 10. Nd2 Ne5 11. f4 Nc6 12. Bxc6 Qxc6 13. a4 Bd7 14. Nf3 Qc7 15. e5 Ng4 16. h3 Nh6 17. g4 f5 18. exf6 Bxf6 19. Ne4 Be7 20. Neg5 Bxg5 21. Nxg5 Nf7 22. Nxe6 Rae8 23. Nxc7 Rxe2 24. Rf2 Re1+ 25. Rf1 Re2 26. Rf2 Re1+ 27. Rf1 1/2-1/2

[Event "German Bundesliga 2021-22"]
[Site "Germany"]
[Date "2022.05.28"]
[Round "9.15"]
[White "Maze, Sebastien"]
[Black "Feygin, Michael"]
[Result "1-0"]
[WhiteElo "2527"]
[BlackElo "2452"]
[Annotator "TA"]
[PlyCount "60"]
[EventDate "2022.03.05"]
[EventType "team-tourn"]
[EventCountry "GER"]
[SourceTitle "playchess.com"]
[Source "ChessBase"]
[SourceQuality "1"]

1. e4 e6 2. d4 d5 3. e5 c5 4. c3 Qb6 5. Nf3 Bd7 6. Bd3 cxd4 7. Nxd4 Nc6 8. Nxc6 bxc6 9. O-O Ne7 10. Nd2 Ng6 11. Nf3 Be7 12. Qe2 Rb8 13. g3 f5 14. exf6 gxf6 15. h4 Rg8 16. h5 Nf8 17. Bf4 Rb7 18. b4 c5 19. Rfe1 Bb5 20. bxc5 Qxc5 21. Rab1 Bxd3 22. Qxd3 Rd7 23. Be3 Qc7 24. Nd4 Kf7 25. Bh6 e5 26. Bxf8 Bxf8 27. Qxh7+ Rg7 28. Qf5 Re7 29. Nf3 Qd6 30. h6 Rg6 1-0

[Event "German Bundesliga 2021-22"]
[Site "Germany"]
[Date "2022.05.29"]
[Round "10.2"]
[White "Bartel, Mateusz"]
[Black "Engel, Luis"]
[Result "1-0"]
[WhiteElo "2616"]
[BlackElo "2564"]
[Annotator "TA"]
[PlyCount "51"]
[EventDate "2022.03.05"]
[EventType "team-tourn"]
[EventCountry "GER"]
[SourceTitle "playchess.com"]
[Source "ChessBase"]
[SourceQuality "1"]

1. e4 e5 2. Nf3 Nc6 3. Bb5 g6 4. O-O Bg7 5. c3 a6 6. Ba4 b5 7. Bc2 Nge7 8. d4 exd4 9. cxd4 O-O 10. a4 Rb8 11. axb5 axb5 12. d5 Nb4 13. Bb3 d6 14. Nc3 Na6 15. Nd4 Nc5 16. Bc2 b4 17. Na4 Bd7 18. Nxc5 dxc5 19. Ne2 c4 20. Ra7 Nc8 21. Ra5 Bb5 22. Nd4 Bxd4 23. Qxd4 c5 24. Qe5 Qd6 25. Bf4 Qxe5 26. Bxe5 1-0

[Event "German Bundesliga 2021-22"]
[Site "Germany"]
[Date "2022.05.29"]
[Round "10.4"]
[White "Amin, Bassem"]
[Black "Edouard, Romain"]
[Result "1/2-1/2"]
[WhiteElo "2682"]
[BlackElo "2591"]
[Annotator "TA"]
[PlyCount "107"]
[EventDate "2022.03.05"]
[EventType "team-tourn"]
[EventCountry "GER"]
[SourceTitle "playchess.com"]
[Source "ChessBase"]
[SourceQuality "1"]

1. e4 c5 2. Nf3 d6 3. Bb5+ Nd7 4. c3 Ngf6 5. Bd3 a6 6. Bc2 c4 7. b3 b5 8. bxc4 bxc4 9. Na3 Qc7 10. Qe2 Nb6 11. e5 dxe5 12. Nxe5 Be6 13. Rb1 Nfd7 14. Nxd7 Nxd7 15. O-O g6 16. Be4 Rc8 17. Rb7 Qd8 18. Rb4 a5 19. Rb5 Bg7 20. Bd5 Bxd5 21. Rxd5 e6 22. Rd6 O-O 23. Nxc4 Qc7 24. Rxd7 Qxd7 25. Nb6 Qc6 26. Nxc8 Rxc8 27. Qd1 Qc4 28. Qc2 Qe2 29. Qa4 Bh6 30. g3 Rb8 31. Qxa5 Bxd2 32. Ba3 Qf3 33. Bb4 h5 34. Qc7 Ra8 35. Qc4 e5 36. a3 Re8 37. Qb5 Re6 38. Qd7 Bg5 39. Qd1 Qc6 40. h4 Bh6 41. Qe2 e4 42. Rd1 Kh7 43. c4 e3 44. f3 f5 45. Rd4 Bg7 46. Rd5 f4 47. Kg2 fxg3 48. Be1 Be5 49. Qd3 e2 50. Qe4 Bc3 51. Qf4 Bxe1 52. Qf7+ Kh6 53. Qf8+ Kh7 54. Qf7+ 1/2-1/2

[Event "German Bundesliga 2021-22"]
[Site "Germany"]
[Date "2022.05.29"]
[Round "10.5"]
[White "Levin, Felix"]
[Black "Mueller, Nick"]
[Result "1-0"]
[WhiteElo "2456"]
[BlackElo "2375"]
[Annotator "TA"]
[PlyCount "90"]
[EventDate "2022.03.05"]
[EventType "team-tourn"]
[EventCountry "GER"]
[SourceTitle "playchess.com"]
[Source "ChessBase"]
[SourceQuality "1"]

1. d4 d5 2. c4 c6 3. Nf3 Nf6 4. Qb3 dxc4 5. Qxc4 Bg4 6. Nbd2 Nbd7 7. g3 e6 8. Bg2 Be7 9. O-O O-O 10. Qb3 Qb6 11. Nc4 Qxb3 12. axb3 Bb4 13. Bf4 Nd5 14. Bd6 Bxd6 15. Nxd6 Rfb8 16. e3 Bxf3 17. Bxf3 Kf8 18. g4 Ke7 19. Nc4 Rc8 20. Rfd1 N7b6 21. Na5 Rc7 22. h4 Rd8 23. Kg2 a6 24. Kg3 Nc8 25. Rac1 Rcd7 26. Nc4 f6 27. Bg2 Nd6 28. Bxd5 exd5 29. Nb6 Re8 30. Nxd7 Kxd7 31. Rd3 Kc7 32. f3 Kb6 33. Re1 Kb5 34. Kf4 h6 35. h5 Nf7 36. e4 Ng5 37. Kf5 Kb4 38. Rde3 dxe4 39. fxe4 Rd8 40. Kg6 Rd7 41. e5 fxe5 42. dxe5 Ne6 43. Rf1 Kc5 44. Rf7 Rd4 45. Kf5 Kd5 1-0

[Event "German Bundesliga 2021-22"]
[Site "Germany"]
[Date "2022.05.29"]
[Round "10.6"]
[White "Druska, Juraj"]
[Black "Heinemann, Thies"]
[Result "1-0"]
[WhiteElo "2505"]
[BlackElo "2495"]
[Annotator "TA"]
[PlyCount "63"]
[EventDate "2022.03.05"]
[EventType "team-tourn"]
[EventCountry "GER"]
[SourceTitle "playchess.com"]
[Source "ChessBase"]
[SourceQuality "1"]

1. d4 Nf6 2. c4 e6 3. Nc3 Bb4 4. e3 b6 5. Nge2 c5 6. a3 Ba5 7. Rb1 Na6 8. Ng3 h5 9. h4 Bxc3+ 10. bxc3 d6 11. e4 Ng8 12. Nxh5 Kf8 13. Bg5 Qc7 14. Be2 Bd7 15. e5 dxe5 16. dxe5 Bc6 17. f4 Ne7 18. Kf2 Rd8 19. Qc2 Qb7 20. Rbd1 Re8 21. Rh2 Be4 22. Qd2 Nb8 23. Qd6 Kg8 24. Ng3 Nf5 25. Nxe4 Nxd6 26. Nxd6 Qc6 27. Nxe8 Nd7 28. Rh3 Kf8 29. Rhd3 Kxe8 30. Bf3 Qa4 31. Rxd7 Qxd7 32. Bc6 1-0

[Event "German Bundesliga 2021-22"]
[Site "Germany"]
[Date "2022.05.29"]
[Round "10.6"]
[White "Schnider, Gert"]
[Black "Naiditsch, Arkadij"]
[Result "1/2-1/2"]
[WhiteElo "2402"]
[BlackElo "2648"]
[Annotator "TA"]
[PlyCount "86"]
[EventDate "2022.03.05"]
[EventType "team-tourn"]
[EventCountry "GER"]
[SourceTitle "playchess.com"]
[Source "ChessBase"]
[SourceQuality "1"]

1. e4 e5 2. Nf3 Nc6 3. Nc3 Nf6 4. d4 exd4 5. Nxd4 Bb4 6. Nxc6 bxc6 7. Bd3 O-O 8. O-O Re8 9. Re1 d5 10. exd5 Rxe1+ 11. Qxe1 cxd5 12. Bg5 Be6 13. Bxf6 gxf6 14. Qe3 Bf8 15. Ne2 Qd6 16. Nf4 Bh6 17. Qg3+ Kh8 18. Nh3 Qb4 19. Rb1 Rg8 20. Qf3 Qd4 21. Qh5 Kg7 22. Kh1 c5 23. b3 Re8 24. Bf5 Bxf5 25. Qxf5 Re5 26. Qf3 f5 27. Qg3+ Kf8 28. Ng1 Re6 29. h3 Rg6 30. Qf3 Qe4 31. Rd1 d4 32. Rd3 Bf4 33. c3 Be5 34. cxd4 cxd4 35. Rd2 Re6 36. Re2 Qb1 37. Qd5 Bf6 38. Rxe6 fxe6 39. Qxe6 Kg7 40. Qd7+ Kg6 41. Qe8+ Kg7 42. Qd7+ Kg6 43. Qe8+ Kg7 1/2-1/2

[Event "German Bundesliga 2021-22"]
[Site "Germany"]
[Date "2022.05.29"]
[Round "10.7"]
[White "Bacrot, Etienne"]
[Black "Ciolek, Andreas"]
[Result "1-0"]
[WhiteElo "2642"]
[BlackElo "2194"]
[Annotator "TA"]
[PlyCount "79"]
[EventDate "2022.03.05"]
[EventType "team-tourn"]
[EventCountry "GER"]
[SourceTitle "playchess.com"]
[Source "ChessBase"]
[SourceQuality "1"]

1. e4 c5 2. Nf3 d6 3. Bb5+ Nd7 4. Ba4 Ngf6 5. O-O g6 6. Re1 Bg7 7. c3 O-O 8. d4 a6 9. e5 Ne8 10. exd6 exd6 11. Bf4 b5 12. Bc2 Bb7 13. Nbd2 Ndf6 14. dxc5 dxc5 15. Nb3 c4 16. Nc5 Bd5 17. b4 Nd6 18. a4 Nb7 19. Nd4 Qb6 20. Be3 Rfe8 21. Qd2 Bf8 22. Nxb7 Qxb7 23. f3 Rad8 24. Bh6 Nd7 25. h4 Ne5 26. Bxf8 Kxf8 27. axb5 axb5 28. h5 Kg8 29. Qg5 Qe7 30. Qxe7 Rxe7 31. hxg6 hxg6 32. Kf2 f6 33. Kg3 Rb7 34. Ra6 Kf7 35. Rd1 Rc8 36. Rd6 Bc6 37. f4 Nd3 38. Nxc6 Rbc7 39. Nd4 Re7 40. Bxd3 1-0

[Event "German Bundesliga 2021-22"]
[Site "Germany"]
[Date "2022.05.29"]
[Round "10.8"]
[White "Libiszewski, Fabien"]
[Black "Wachinger, Nikolas"]
[Result "1-0"]
[WhiteElo "2505"]
[BlackElo "2401"]
[Annotator "TA"]
[PlyCount "103"]
[EventDate "2022.03.05"]
[EventType "team-tourn"]
[EventCountry "GER"]
[SourceTitle "playchess.com"]
[Source "ChessBase"]
[SourceQuality "1"]

1. e4 c5 2. Nf3 d6 3. Bb5+ Nd7 4. d4 cxd4 5. Nxd4 Ngf6 6. O-O e5 7. Nf5 a6 8. Bd3 Nc5 9. Nc3 d5 10. Bg5 dxe4 11. Bxe4 Ncxe4 12. Nxg7+ Bxg7 13. Qxd8+ Kxd8 14. Nxe4 Ke7 15. f4 Ke6 16. f5+ Ke7 17. Rad1 a5 18. Rd5 Ra6 19. Re1 Kf8 20. Rxe5 Ng4 21. Be7+ Kg8 22. Rd5 h6 23. h3 Nf6 24. Nxf6+ Rxf6 25. Bxf6 Bxf6 26. Re8+ Kh7 27. Rxh8+ Bxh8 28. c3 a4 29. g4 b6 30. Rd8 a3 31. b3 Ba6 32. c4 Bb7 33. Kf2 Be4 34. Ke3 Bb1 35. Kd2 Be5 36. Re8 Bg3 37. Kc3 Kg7 38. Re3 Bf2 39. Re2 Bg3 40. b4 Kf6 41. c5 Be5+ 42. Kb3 bxc5 43. bxc5 Bd3 44. Re3 Bf1 45. Kb4 Bd4 46. Rxa3 Ke5 47. Ra7 Bxh3 48. Rxf7 Bxg4 49. c6 Kd6 50. Rd7+ Kxc6 51. Rxd4 Bxf5 52. Rh4 1-0

[Event "German Bundesliga 2021-22"]
[Site "Germany"]
[Date "2022.05.29"]
[Round "10.10"]
[White "Ragger, Markus"]
[Black "Beerdsen, Thomas"]
[Result "1-0"]
[WhiteElo "2656"]
[BlackElo "2497"]
[Annotator "TA"]
[PlyCount "57"]
[EventDate "2022.03.05"]
[EventType "team-tourn"]
[EventCountry "GER"]
[SourceTitle "playchess.com"]
[Source "ChessBase"]
[SourceQuality "1"]

1. e4 c5 2. Nf3 d6 3. Bb5+ Nd7 4. d4 cxd4 5. Nxd4 Ngf6 6. O-O e6 7. Re1 Be7 8. Bf1 O-O 9. c4 a6 10. Nc3 Ne5 11. h3 Qc7 12. Qe2 Bd7 13. f4 Ng6 14. Be3 Rfe8 15. Rac1 e5 16. fxe5 Nxe5 17. Qf2 Rac8 18. Nf5 Bxf5 19. Qxf5 Qa5 20. Bd4 Qb4 21. Qf2 Nc6 22. Be3 Bd8 23. c5 dxc5 24. Bxc5 Qa5 25. Nd5 Nxe4 26. b4 Qa3 27. Rc3 Qa4 28. Rce3 Nxb4 29. Rxe4 1-0

[Event "German Bundesliga 2021-22"]
[Site "Germany"]
[Date "2022.05.29"]
[Round "10.11"]
[White "Koch, Thomas"]
[Black "Kraemer, Martin"]
[Result "1/2-1/2"]
[WhiteElo "2458"]
[BlackElo "2584"]
[Annotator "TA"]
[PlyCount "81"]
[EventDate "2022.03.05"]
[EventType "team-tourn"]
[EventCountry "GER"]
[SourceTitle "playchess.com"]
[Source "ChessBase"]
[SourceQuality "1"]

1. d4 Nf6 2. c4 g6 3. Nc3 d5 4. cxd5 Nxd5 5. e4 Nxc3 6. bxc3 Bg7 7. Bc4 c5 8. Ne2 Nc6 9. Be3 O-O 10. O-O b6 11. Rc1 Bb7 12. Qd2 e6 13. Rfd1 Rc8 14. Bh6 Na5 15. Bd3 Qd6 16. Bxg7 Kxg7 17. h4 Qe7 18. Qf4 f6 19. h5 e5 20. Qe3 Rcd8 21. f4 Rfe8 22. fxe5 fxe5 23. hxg6 hxg6 24. Qg3 Nc6 25. d5 c4 26. Bc2 Nb8 27. Rf1 Nd7 28. Kf2 Rf8+ 29. Ke3 Nf6 30. Kd2 b5 31. Rb1 Bc6 32. Ke1 Bd7 33. Kd2 Ng4 34. Rf3 Qg5+ 35. Ke1 Rh8 36. Ng1 Qe7 37. Nh3 Qa3 38. Nf2 Qxa2 39. Nxg4 Bxg4 40. Qxe5+ Kg8 41. Rf2 1/2-1/2

[Event "German Bundesliga 2021-22"]
[Site "Germany"]
[Date "2022.05.29"]
[Round "10.16"]
[White "Lauber, Arnd"]
[Black "Sonntag, Hans-Hubert"]
[Result "1/2-1/2"]
[WhiteElo "2411"]
[BlackElo "2324"]
[Annotator "TA"]
[PlyCount "45"]
[EventDate "2022.03.05"]
[EventType "team-tourn"]
[EventCountry "GER"]
[SourceTitle "playchess.com"]
[Source "ChessBase"]
[SourceQuality "1"]

1. d4 Nf6 2. c4 g6 3. Nc3 d5 4. cxd5 Nxd5 5. e4 Nxc3 6. bxc3 Bg7 7. Bc4 c5 8. Ne2 Nc6 9. Be3 O-O 10. O-O Bg4 11. f3 Na5 12. Bd3 cxd4 13. cxd4 Be6 14. d5 Bxa1 15. Qxa1 f6 16. Qd4 Bd7 17. e5 e6 18. Nf4 Qb6 19. dxe6 Qxd4 20. Bxd4 fxe5 21. Bxe5 Nc6 22. Bd6 Rxf4 23. exd7 1/2-1/2

[Event "German Bundesliga 2021-22"]
[Site "Germany"]
[Date "2022.07.07"]
[Round "11.4"]
[White "Horvath, Dominik"]
[Black "Edouard, Romain"]
[Result "1/2-1/2"]
[WhiteElo "2483"]
[BlackElo "2591"]
[Annotator "TA"]
[PlyCount "59"]
[EventDate "2022.03.05"]
[EventType "team-tourn"]
[EventCountry "GER"]
[SourceTitle "playchess.com"]
[Source "ChessBase"]
[SourceQuality "1"]

1. e4 e6 2. d4 d5 3. Nc3 Bb4 4. Nge2 dxe4 5. a3 Be7 6. Nxe4 Nf6 7. Qd3 O-O 8. Nxf6+ Bxf6 9. Be3 e5 10. d5 c6 11. Nc3 e4 12. Qxe4 Bxc3+ 13. bxc3 cxd5 14. Qf4 Qa5 15. Qb4 Qc7 16. Bd3 Na6 17. Qd4 b6 18. O-O Nc5 19. Rfe1 Nxd3 20. Qxd3 Qc6 21. Bd4 Qg6 22. Re5 Qxd3 23. cxd3 Bb7 24. Rae1 f6 25. Re7 Rf7 26. Re8+ Rxe8 27. Rxe8+ Rf8 28. Re7 Rf7 29. Re8+ Rf8 30. Re7 1/2-1/2

[Event "German Bundesliga 2021-22"]
[Site "Germany"]
[Date "2022.07.07"]
[Round "11.13"]
[White "Gupta, Abhijeet"]
[Black "Teclaf, Pawel"]
[Result "1-0"]
[WhiteElo "2627"]
[BlackElo "2542"]
[Annotator "TA"]
[PlyCount "79"]
[EventDate "2022.03.05"]
[EventType "team-tourn"]
[EventCountry "GER"]
[SourceTitle "playchess.com"]
[Source "ChessBase"]
[SourceQuality "1"]

1. d4 d5 2. Nf3 Bf5 3. c4 e6 4. Nc3 Nf6 5. Bg5 c6 6. Qb3 Qb6 7. c5 Qc7 8. Bf4 Qc8 9. Nh4 Be7 10. Nxf5 exf5 11. h3 O-O 12. e3 Ne4 13. Bd3 Re8 14. Ne2 Bd8 15. Qa4 Bc7 16. O-O Bxf4 17. Nxf4 Nd7 18. b4 a6 19. Qc2 Qc7 20. a4 Nf8 21. Rfe1 Ng6 22. Ne2 Re7 23. b5 axb5 24. axb5 Rae8 25. Ra7 Nxf2 26. Kxf2 Rxe3 27. Qd2 f4 28. Rea1 Qd8 29. Ra8 Qg5 30. Kf1 f5 31. bxc6 bxc6 32. Qxe3 fxe3 33. Rc8 Rd8 34. Rxd8+ Kf7 35. Rc8 Qh4 36. Ra7+ Kf6 37. Rxc6+ Kg5 38. Kg1 Qf2+ 39. Kh2 f4 40. Rxg7 1-0